The Best Song Lyrics Ever Written - Statistics

General Stats
  • This quiz has been taken 35 times
  • The average score is 8 of 22
Answer Stats
Hint Answer % Correct
HAPPY TOGETHER - THE TURTLES So happy together And how is the {weather}?
68%
I LOVE NEW YORK - MADONNA I don't like cities, but I like New York Other places make me feel like a {dork}
65%
HEY, SOUL SISTER - TRAIN Your lipstick stains On the front lobe of my left side {brains}
59%
LOVE THE WAY YOU LIE - EMINEM ft. RIHANNA Life is no Nintendo game But you lied again Now you get to watch her leave out the window Guess that's why they call it window {pane}
53%
RHYTHM IS A DANCER - SNAP I'm serious as {cancer} When I say that rhythm is a dancer
50%
CHAMPAGNE SUPERNOVA - OASIS Slowly walking down the hall Faster than a {cannonball}
50%
LIFE - DES'REE I'm afraid of the dark Especially when I'm in a {park}
44%
DON'T STAND SO CLOSE TO ME - THE POLICE It's no use, he sees her, he starts to shake and cough Just like the old man in that book by {Nabokov}
44%
SUMMER GIRLS - LFO New Kids On The Block had a bunch of hits Chinese food makes me {sick}
41%
BREAK FREE - ARIANA GRANDE I only wanna die alive, Never by the hands of a broken heart Don't wanna hear you lie tonight, Now that I've become who I really {are}
38%
AFRICA - TOTO The wild dogs cry out in the night, as they grow restless longing for some solitary company I know that I must do what's right, as sure as Kilimanjaro rises like Olympus above the {Serengeti}
38%
SMOOTH CRIMINAL - MICHAEL JACKSON As he came into the window Was a sound of a {crescendo}
29%
HIGHLY STRUNG - SPANDAU BALLET She used to be a diplomat But now she's down the {laundromat}
29%
MAGGIE MAY - ROD STEWART I laughed at all of your jokes My love you didn't need to {coax}
26%
BUG POWDER DUST - BOMB THE BASS Never been a fake and I'm never phony I got more flavour than a packet of {macaroni}
26%
SPEED OF SOUND - COLDPLAY Climb up, up in the trees Every chance that you get is a chance you {seize}
24%
WHEN I WAS YOUNG - THE ANIMALS I smoked my first cigarette at ten And for girls, I had a bad {yen}
21%
IT'S EVERYDAY BRO - JAKE PAUL And I just dropped some new merch And it's selling like a God {church}
18%
A HORSE WITH NO NAME - AMERICA On the first part of the journey I was looking at all the life There were plants and birds and rocks and things There was sand and hills and {rings}
15%
BUCK ROGERS - FEEDER Get a house in Devon Drink cider from a {lemon}
12%
BOYFRIEND - JUSTIN BIEBER Swag, swag, swag on you Chillin' by the fire while we're eatin' {fondue}
12%
BALLAD OF A THIN MAN - BOB DYLAN You have many contacts Among the {lumberjacks}
12%
No matching quizzes found
Score Distribution
Percent of People with Each Score
Percentile by Number Answered
Your Score History
You have not taken this quiz